banner-ar

حبة هوا / (Record no. 61073)

MARC details
000 -الفاتح
حقل البيانات ثابتة الطول 00668nam a22002177a 4500
005 - وقت وتاريخ اخر تعامل مع التسجيلة
رقم الضبط 20240530110442.0
008 - عناصر البيانات ثابتة الطول - معلومات عامة
حقل البيانات ثابتة الطول 150329s2010 ua o g 000 0 ara d
017 ## - رقم الايداع القانونى
رقم الايداع القانونى 2008/22015
المصدر ( الهيئة المختصة) مصر . دار الكتب المصرية
020 ## - الرقم الدولى المعيارى للكتب
الرقم الدولى المعيارى للكتاب 9789770925694
040 ## - مصدر الفهرسة
وكالة الفهرسة الأصلية EG-CaGPL
082 04 - رقم تصنيف ديوى العشرى
رقم الطبعة 21
رقم التصنيف 818.07\
رقم المادة و ح
100 0# - المدخل الرئيسى - إسم شخصى
الإسم الشخصى وليد طاهر
245 10 - بيان العنوان
العنوان حبة هوا /
بيان المسئوليه,etc وليد طاهر
250 ## - بيان الطبعة
بيان الطبعة ط2.
260 ## - PUBLICATION, DISTRIBUTION, ETC. (IMPRINT)
تاريخ النشر أو التوزيع 2010.
300 ## - الوصف المادى
التعداد 138 ص :
تفاصيل ماديه اخرى للوعاء صور ؛
أبعاد الوعاء 20 سم.
650 04 - المدخل الاضافى بالموضوع-مصطلح موضوعى
مصطلح موضوعي الكاريكاتير
650 04 - المدخل الاضافى بالموضوع-مصطلح موضوعى
مصطلح موضوعي صور الاشخاص
942 ## - عناصر المدخل الإضافي( كوها)
مصدر التصنيف او مخطط الترفيف Dewey Decimal Classification
Koha [default] item type كتاب
260 ## - PUBLICATION, DISTRIBUTION, ETC. (IMPRINT)
-- القاهرة :
-- دار الشروق ،
Holdings
حالة التراجع حالة الفقد حالة تلف ليس للاعارة المكان المؤقت الموقع الحالى تاريخ الاكتساب اجمالي اﻻعارات رقم الطلب الباركود تاريخ اخر مشاهدة تاريخ تفعيل السعر نوع وعاء كوها
        مكتبة القاهرة الكبرى مكتبة القاهرة الكبرى 04/21/2015   818.07\ و ح 160292 04/21/2015 04/21/2015 كتاب

Powered By

EGPV